| 000 | 01100nam a2200277 i 4500 | ||
|---|---|---|---|
| 001 | 45362 | ||
| 003 | ES-MaACL | ||
| 005 | 20230906161215.0 | ||
| 007 | t| | ||
| 008 | 030325s1967 sp af |||| | spa d | ||
| 080 | _a683.3(084) | ||
| 100 | 1 |
_aColeman, Charles. _939574 |
|
| 245 | 1 | 0 |
_aBiblioteca del cerrajero / _cCharles Coleman. |
| 260 |
_aBarcelona : _bGustavo Gili, _c1967. |
||
| 300 |
_a6 v. ; _c30 cm. |
||
| 505 | 8 | _aContiene: 1. Puertas enrejadas (7 h., 32 lám.) - 2. Barandillas de escalera 7 h., 32 lám.) - 3. Barandillas de balcones (7 h., 32 lám.) - 4. Rejas para interiores (7 h., 32 lám.) - 5. Rejas para puertas y ventanas (7 h., 32 lám.) - 6. Lámparas, linternas, candelabros, faroles (7 h., 32 lám.) | |
| 650 | 4 |
_aCerrajería. _9158216 |
|
| 650 | 0 | 4 |
_aMetales- _xTrabajo. _915015 |
| 740 | 0 | 2 | _aPuertas enrejadas. |
| 740 | 0 | 2 | _aBarandillas de escalera. |
| 740 | 0 | 2 | _aBarandillas de balcones. |
| 740 | 0 | 2 | _aRejas para interiores. |
| 740 | 0 | 2 | _aRejas para puertas y ventanas. |
| 740 | 0 | 2 | _aLámparas, linternas, candelabros, faroles. |
| 852 |
_aES-MaACL _jC-55871-76 |
||
| 999 |
_c45362 _d45362 |
||